[Event "Stay Safe Play From Home 322"]
[Site "Emanuel Lasker Arena"]
[Date "2020.07.22"]
[Round "1"]
[White "Broken sword"]
[Black "Udolerhard"]
[Result "1-0"]
[WhiteElo "2436"]
[BlackElo "1620"]
[PlyCount "53"]
[EventDate "2020.07.22"]
[EventType "swiss (blitz)"]

1. e4 {[%emt 0:00:01]} c6 {[%emt 0:00:01]} 2. d4 {[%emt 0:00:01]} d5 {[%emt 0:00:00]} 3. Nc3 {[%emt 0:00:00]} dxe4 {[%emt 0:00:01]} 4. Nxe4 {[%emt 0:00:00]} Nd7 {[%emt 0:00:01]} 5. Nf3 {[%emt 0:00:02]} Ngf6 {[%emt 0:00:01]} 6. Bd3 {[%emt 0:00:01]} Nxe4 {[%emt 0:00:01]} 7. Bxe4 {[%emt 0:00:00]} Nf6 {[%emt 0:00:00]} 8. Bd3 {[%emt 0:00:00]} c5 {[%emt 0:00:02]} 9. dxc5 {[%emt 0:00:01]} e6 {[%emt 0:00:00]} 10. Bb5+ {[%emt 0:00:01]} Bd7 {[%emt 0:00:01]} 11. Bxd7+ {[%emt 0:00:01]} Qxd7 {[%emt 0:00:00]} 12. Qxd7+ {[%emt 0:00:02]} Nxd7 {[%emt 0:00:00]} 13. b4 {[%emt 0:00:00]} Bxc5 {[%emt 0:00:00]} 14. bxc5 {[%emt 0:00:01]} Nxc5 {[%emt 0:00:01]} 15. Be3 {[%emt 0:00:00]} Ne4 {[%emt 0:00:01]} 16. O-O {[%emt 0:00:01]} Rc8 {[%emt 0:00:02]} 17. Rab1 {[%emt 0:00:03]} Nc3 {[%emt 0:00:01]} 18. Rxb7 {[%emt 0:00:02]} Ne2+ {[%emt 0:00:01]} 19. Kh1 {[%emt 0:00:00]} Rxc2 {[%emt 0:00:01]} 20. Rxa7 {[%emt 0:00:01]} O-O {[%emt 0:00:02]} 21. g3 {[%emt 0:00:00]} Nc3 {[%emt 0:00:02]} 22. a4 {[%emt 0:00:01]} Nd5 {[%emt 0:00:01]} 23. Bd4 {[%emt 0:00:02]} Ra2 {[%emt 0:00:02]} 24. a5 {[%emt 0:00:01]} Rb8 {[%emt 0:00:02]} 25. Bb6 {[%emt 0:00:01]} Ne7 {[%emt 0:00:04]} 26. Ne5 {[%emt 0:00:03]} Nc6 {[%emt 0:00:01]} 27. Nxc6 {[%emt 0:00:01] Udolerhard resigns (Lag: Av=0.65s, max=1.2s)} 1-0

[Event "Stay Safe Play From Home 322"]
[Site "Emanuel Lasker Arena"]
[Date "2020.07.22"]
[Round "1"]
[White "Mepe_Nika"]
[Black "Oznog"]
[Result "1-0"]
[WhiteElo "2387"]
[BlackElo "1782"]
[PlyCount "105"]
[EventDate "2020.07.22"]
[EventType "swiss (blitz)"]

1. d4 {[%emt 0:00:03]} Nf6 {[%emt 0:00:03]} 2. Bf4 {[%emt 0:00:01]} c5 {[%emt 0:00:01]} 3. e3 {[%emt 0:00:01]} c4 {[%emt 0:00:01]} 4. c3 {[%emt 0:00:01]} d5 {[%emt 0:00:02]} 5. Nd2 {[%emt 0:00:01]} e6 {[%emt 0:00:01]} 6. Ngf3 {[%emt 0:00:01]} Bd6 {[%emt 0:00:00]} 7. Qc2 {[%emt 0:00:01]} Bxf4 {[%emt 0:00:02]} 8. exf4 {[%emt 0:00:00]} b5 {[%emt 0:00:01]} 9. Be2 {[%emt 0:00:02]} a5 {[%emt 0:00:01]} 10. a3 {[%emt 0:00:01]} O-O {[%emt 0:00:01]} 11. O-O {[%emt 0:00:00]} Nc6 {[%emt 0:00:01]} 12. Ne5 {[%emt 0:00:01]} Nxe5 {[%emt 0:00:01]} 13. fxe5 {[%emt 0:00:00]} Ne8 {[%emt 0:00:02]} 14. f4 {[%emt 0:00:00]} g6 {[%emt 0:00:01]} 15. g4 {[%emt 0:00:02]} Ng7 {[%emt 0:00:01]} 16. Nf3 {[%emt 0:00:02]} f5 {[%emt 0:00:01]} 17. exf6 {[%emt 0:00:01]} Qxf6 {[%emt 0:00:01]} 18. Ne5 {[%emt 0:00:01]} Ne8 {[%emt 0:00:03]} 19. Rf2 {[%emt 0:00:01]} Nd6 {[%emt 0:00:02]} 20. Raf1 {[%emt 0:00:06]} Bb7 {[%emt 0:00:01]} 21. f5 {[%emt 0:00:04]} Qh4 {[%emt 0:00:06]} 22. f6 {[%emt 0:00:04]} Nf7 {[%emt 0:00:02]} 23. Rg2 {[%emt 0:00:07]} Nxe5 {[%emt 0:00:02]} 24. dxe5 {[%emt 0:00:00]} d4 {[%emt 0:00:01]} 25. Bf3 {[%emt 0:00:01]} d3 {[%emt 0:00:01]} 26. Qd2 {[%emt 0:00:01]} Bxf3 {[%emt 0:00:02]} 27. Rxf3 {[%emt 0:00:00]} Rad8 {[%emt 0:00:01]} 28. g5 {[%emt 0:00:01]} Qh5 {[%emt 0:00:01]} 29. Rf4 {[%emt 0:00:03]} h6 {[%emt 0:00:01]} 30. h4 {[%emt 0:00:01]} hxg5 {[%emt 0:00:01]} 31. hxg5 {[%emt 0:00:00]} Rf7 {[%emt 0:00:01]} 32. Rff2 {[%emt 0:00:02]} Qh4 {[%emt 0:00:05]} 33. Qe3 {[%emt 0:00:01]} d2 {[%emt 0:00:03]} 34. Rxd2 {[%emt 0:00:01]} Rxd2 {[%emt 0:00:00]} 35. Qxd2 {[%emt 0:00:01]} Qh5 {[%emt 0:00:02]} 36. Qd8+ {[%emt 0:00:01]} Rf8 {[%emt 0:00:00]} 37. Qd2 {[%emt 0:00:01]} Qh4 {[%emt 0:00:01]} 38. Rh2 {[%emt 0:00:00]} Qg4+ {[%emt 0:00:01]} 39. Qg2 {[%emt 0:00:00]} Qf4 {[%emt 0:00:01]} 40. Qh3 {[%emt 0:00:01]} Qc1+ {[%emt 0:00:00]} 41. Kg2 {[%emt 0:00:01]} Qd2+ {[%emt 0:00:00]} 42. Kh1 {[%emt 0:00:00]} Qe1+ {[%emt 0:00:01]} 43. Kg2 {[%emt 0:00:00]} Qe2+ {[%emt 0:00:00]} 44. Kg1 {[%emt 0:00:00]} Qe1+ {[%emt 0:00:00]} 45. Qf1 {[%emt 0:00:00]} Qe3+ {[%emt 0:00:01]} 46. Rf2 {[%emt 0:00:01]} Qxg5+ {[%emt 0:00:00]} 47. Rg2 {[%emt 0:00:00]} Qh5 {[%emt 0:00:00]} 48. Qf2 {[%emt 0:00:00]} Qh6 {[%emt 0:00:00]} 49. Kf1 {[%emt 0:00:00]} Qc1+ {[%emt 0:00:01]} 50. Qe1 {[%emt 0:00:01]} Qxb2 {[%emt 0:00:00]} 51. Kg1 {[%emt 0:00:00]} Qxc3 {[%emt 0:00:00]} 52. Kh1 {[%emt 0:00:00]} Qd4 {[%emt 0:00:00]} 53. Kh2 {[%emt 0:00:00] (Lag: Av=0.41s, max=0.9s)} 1-0

[Event "Stay Safe Play From Home 322"]
[Site "Emanuel Lasker Arena"]
[Date "2020.07.22"]
[Round "1"]
[White "SoulofWolf"]
[Black "Klasman"]
[Result "1-0"]
[WhiteElo "2126"]
[BlackElo "1403"]
[PlyCount "47"]
[EventDate "2020.07.22"]
[EventType "swiss (blitz)"]

1. d4 {[%emt 0:00:04]} f5 {[%emt 0:00:02]} 2. c4 {[%emt 0:00:01]} Nf6 {[%emt 0:00:01]} 3. Bf4 {[%emt 0:00:01]} e6 {[%emt 0:00:01]} 4. f3 {[%emt 0:00:00]} c6 {[%emt 0:00:03]} 5. Nc3 {[%emt 0:00:01]} d5 {[%emt 0:00:01]} 6. e3 {[%emt 0:00:01]} Bb4 {[%emt 0:00:02]} 7. Nge2 {[%emt 0:00:02]} Nh5 {[%emt 0:00:06]} 8. Be5 {[%emt 0:00:02]} O-O {[%emt 0:00:03]} 9. Qb3 {[%emt 0:00:02]} Bxc3+ {[%emt 0:00:02]} 10. Nxc3 {[%emt 0:00:01]} Nd7 {[%emt 0:00:01]} 11. O-O-O {[%emt 0:00:02]} Nxe5 {[%emt 0:00:02]} 12. dxe5 {[%emt 0:00:00]} Qg5 {[%emt 0:00:02]} 13. Nb1 {[%emt 0:00:07]} f4 {[%emt 0:00:03]} 14. exf4 {[%emt 0:00:02]} Nxf4 {[%emt 0:00:03]} 15. Nd2 {[%emt 0:00:01]} Qxe5 {[%emt 0:00:03]} 16. Kb1 {[%emt 0:00:03]} Rf6 {[%emt 0:00:05]} 17. Ka1 {[%emt 0:00:01]} Rg6 {[%emt 0:00:03]} 18. g3 {[%emt 0:00:01]} Nh5 {[%emt 0:00:04]} 19. Bd3 {[%emt 0:00:01]} Rh6 {[%emt 0:00:03]} 20. f4 {[%emt 0:00:01]} Qd4 {[%emt 0:00:03]} 21. Nf3 {[%emt 0:00:04]} Qf2 {[%emt 0:00:04]} 22. Rhf1 {[%emt 0:00:01]} Qg2 {[%emt 0:00:02]} 23. Nh4 {[%emt 0:00:03]} Qxh2 {[%emt 0:00:02]} 24. Nf3 {[%emt 0:00:09] ' Time (Lag: Av=0.57s, max=0.8s)} 1-0

[Event "Stay Safe Play From Home 322"]
[Site "Emanuel Lasker Arena"]
[Date "2020.07.22"]
[Round "1"]
[White "Fischer_11"]
[Black "Meini"]
[Result "1-0"]
[WhiteElo "2033"]
[BlackElo "1591"]
[Annotator "NA"]
[PlyCount "69"]
[EventDate "2020.07.22"]
[EventType "swiss (blitz)"]

1. e4 {[%emt 0:00:02]} c6 {[%emt 0:00:02]} 2. d4 {[%emt 0:00:01]} d5 {[%emt 0:00:00]} 3. exd5 {[%emt 0:00:00]} cxd5 {[%emt 0:00:01]} 4. c4 {[%emt 0:00:00]} Nc6 {[%emt 0:00:01]} 5. cxd5 {[%emt 0:00:01]} Qxd5 {[%emt 0:00:03]} 6. Nf3 {[%emt 0:00:00]} Nf6 {[%emt 0:00:02]} 7. Nc3 {[%emt 0:00:00]} Qd8 {[%emt 0:00:01]} 8. d5 {[%emt 0:00:00]} Nb8 {[%emt 0:00:02]} 9. Qa4+ {[%emt 0:00:00]} Bd7 {[%emt 0:00:02]} 10. Qb3 {[%emt 0:00:00]} e6 {[%emt 0:00:02]} 11. dxe6 {[%emt 0:00:05]} Bxe6 {[%emt 0:00:02]} 12. Qxb7 {[%emt 0:00:01]} Nbd7 {[%emt 0:00:02]} 13. Nd4 {[%emt 0:00:05]} Be7 {[%emt 0:00:00]} 14. Nxe6 {[%emt 0:00:01]} fxe6 {[%emt 0:00:01]} 15. Qb3 {[%emt 0:00:02]} O-O {[%emt 0:00:00]} 16. Qxe6+ {[%emt 0:00:01]} Kh8 {[%emt 0:00:01]} 17. Be2 {[%emt 0:00:02]} Nc5 {[%emt 0:00:01]} 18. Qe3 {[%emt 0:00:02]} Re8 {[%emt 0:00:02]} 19. O-O {[%emt 0:00:01]} Bd6 {[%emt 0:00:03]} 20. Qd2 {[%emt 0:00:04]} Qc7 {[%emt 0:00:01]} 21. h3 {[%emt 0:00:01]} Rac8 {[%emt 0:00:00]} 22. Bf3 {[%emt 0:00:01]} Rcd8 {[%emt 0:00:00]} 23. Qc2 {[%emt 0:00:03]} Na4 {[%emt 0:00:04]} 24. Qxa4 {[%emt 0:00:02]} Bh2+ {[%emt 0:00:02]} 25. Kh1 {[%emt 0:00:02]} Be5 {[%emt 0:00:00]} 26. Bg5 {[%emt 0:00:02]} Bxc3 {[%emt 0:00:02]} 27. bxc3 {[%emt 0:00:00]} Qxc3 {[%emt 0:00:01]} 28. Rac1 {[%emt 0:00:02]} Qe5 {[%emt 0:00:02]} 29. Bxf6 {[%emt 0:00:01]} Qxf6 {[%emt 0:00:02]} 30. Qg4 {[%emt 0:00:01]} a5 {[%emt 0:00:02]} 31. Rfe1 {[%emt 0:00:01]} Qf7 {[%emt 0:00:04]} 32. a4 {[%emt 0:00:01]} Qd7 {[%emt 0:00:04]} 33. Qxd7 {[%emt 0:00:02]} Rxe1+ {[%emt 0:00:01]} 34. Rxe1 {[%emt 0:00:01]} Rxd7 {[%emt 0:00:00]} 35. Re8# {[%emt 0:00:00] (Lag: Av=0.38s, max=0.5s)} 1-0

[Event "Stay Safe Play From Home 322"]
[Site "Emanuel Lasker Arena"]
[Date "2020.07.22"]
[Round "1"]
[White "NeatFox"]
[Black "Lazieri3"]
[Result "0-1"]
[WhiteElo "1762"]
[BlackElo "2131"]
[PlyCount "106"]
[EventDate "2020.07.22"]
[EventType "swiss (blitz)"]

1. g4 {[%emt 0:00:01]} c6 {[%emt 0:00:01]} 2. Bg2 {[%emt 0:00:00]} d5 {[%emt 0:00:00]} 3. c4 {[%emt 0:00:00]} dxc4 {[%emt 0:00:02]} 4. Qa4 {[%emt 0:00:01]} Bxg4 {[%emt 0:00:02]} 5. Qxc4 {[%emt 0:00:00]} Be6 {[%emt 0:00:01]} 6. Qb4 {[%emt 0:00:01]} Qb6 {[%emt 0:00:01]} 7. Qxb6 {[%emt 0:00:00]} axb6 {[%emt 0:00:00]} 8. a3 {[%emt 0:00:00]} b5 {[%emt 0:00:00]} 9. d3 {[%emt 0:00:00]} b4 {[%emt 0:00:01]} 10. a4 {[%emt 0:00:03]} g6 {[%emt 0:00:02]} 11. Nd2 {[%emt 0:00:02]} Bg7 {[%emt 0:00:01]} 12. Rb1 {[%emt 0:00:02]} Rxa4 {[%emt 0:00:02]} 13. b3 {[%emt 0:00:01]} Ra2 {[%emt 0:00:02]} 14. Ngf3 {[%emt 0:00:02]} Nf6 {[%emt 0:00:02]} 15. O-O {[%emt 0:00:00]} O-O {[%emt 0:00:01]} 16. Nc4 {[%emt 0:00:01]} Nbd7 {[%emt 0:00:01]} 17. e3 {[%emt 0:00:01]} Nd5 {[%emt 0:00:01]} 18. d4 {[%emt 0:00:02]} Nc3 {[%emt 0:00:01]} 19. Rb2 {[%emt 0:00:01]} Rxb2 {[%emt 0:00:01]} 20. Bxb2 {[%emt 0:00:00]} b5 {[%emt 0:00:01]} 21. Na5 {[%emt 0:00:02]} Ra8 {[%emt 0:00:03]} 22. Nxc6 {[%emt 0:00:01]} Bxb3 {[%emt 0:00:01]} 23. Nxe7+ {[%emt 0:00:02]} Kf8 {[%emt 0:00:01]} 24. Nc6 {[%emt 0:00:02]} Nb6 {[%emt 0:00:01]} 25. Nxb4 {[%emt 0:00:01]} Nba4 {[%emt 0:00:02]} 26. Bxc3 {[%emt 0:00:01]} Nxc3 {[%emt 0:00:00]} 27. Nc6 {[%emt 0:00:02]} Bd5 {[%emt 0:00:03]} 28. Nfe5 {[%emt 0:00:03]} Bxg2 {[%emt 0:00:01]} 29. Kxg2 {[%emt 0:00:01]} Bxe5 {[%emt 0:00:01]} 30. Nxe5 {[%emt 0:00:01]} b4 {[%emt 0:00:01]} 31. Nc4 {[%emt 0:00:01]} b3 {[%emt 0:00:01]} 32. Rc1 {[%emt 0:00:01]} Ne4 {[%emt 0:00:04]} 33. Rb1 {[%emt 0:00:01]} Ra2 {[%emt 0:00:01]} 34. Rb2 {[%emt 0:00:04]} Rxb2 {[%emt 0:00:01]} 35. Nxb2 {[%emt 0:00:00]} Nc3 {[%emt 0:00:01]} 36. Kf3 {[%emt 0:00:01]} f5 {[%emt 0:00:01]} 37. Kg2 {[%emt 0:00:04]} Ke7 {[%emt 0:00:01]} 38. Kf1 {[%emt 0:00:00]} Kd6 {[%emt 0:00:00]} 39. Ke1 {[%emt 0:00:00]} Kd5 {[%emt 0:00:01]} 40. Kd2 {[%emt 0:00:00]} Ne4+ {[%emt 0:00:01]} 41. Ke2 {[%emt 0:00:00]} Kc6 {[%emt 0:00:02]} 42. f3 {[%emt 0:00:01]} Ng5 {[%emt 0:00:01]} 43. f4 {[%emt 0:00:01]} Ne4 {[%emt 0:00:01]} 44. Kd3 {[%emt 0:00:00]} Kb5 {[%emt 0:00:00]} 45. h4 {[%emt 0:00:03]} Kb4 {[%emt 0:00:00]} 46. Nc4 {[%emt 0:00:01]} b2 {[%emt 0:00:01]} 47. Nxb2 {[%emt 0:00:01]} Nf2+ {[%emt 0:00:00]} 48. Ke2 {[%emt 0:00:02]} Ng4 {[%emt 0:00:00]} 49. Kf3 {[%emt 0:00:00]} Kc3 {[%emt 0:00:00]} 50. Nd3 {[%emt 0:00:01]} Nh2+ {[%emt 0:00:00]} 51. Kg2 {[%emt 0:00:01]} Ng4 {[%emt 0:00:00]} 52. d5 {[%emt 0:00:00]} Kxd3 {[%emt 0:00:01]} 53. d6 {[%emt 0:00:00]} Nxe3+ {[%emt 0:00:00] Zeit (Lag: Av=0.37s, max=0.8s)} 0-1

[Event "Stay Safe Play From Home 322"]
[Site "Emanuel Lasker Arena"]
[Date "2020.07.22"]
[Round "1"]
[White "Trotsky"]
[Black "Buzaglo"]
[Result "0-1"]
[WhiteElo "1627"]
[BlackElo "1906"]
[PlyCount "60"]
[EventDate "2020.07.22"]
[EventType "swiss (blitz)"]

1. d4 {[%emt 0:00:03]} e6 {[%emt 0:00:01]} 2. e3 {[%emt 0:00:01]} d5 {[%emt 0:00:00]} 3. c4 {[%emt 0:00:01]} Nf6 {[%emt 0:00:01]} 4. Nc3 {[%emt 0:00:01]} c5 {[%emt 0:00:01]} 5. Nf3 {[%emt 0:00:01]} cxd4 {[%emt 0:00:01]} 6. exd4 {[%emt 0:00:01]} Bb4 {[%emt 0:00:01]} 7. Be3 {[%emt 0:00:01]} O-O {[%emt 0:00:02]} 8. Qc2 {[%emt 0:00:01]} Bd7 {[%emt 0:00:02]} 9. c5 {[%emt 0:00:01]} b6 {[%emt 0:00:01]} 10. Bd3 {[%emt 0:00:01]} bxc5 {[%emt 0:00:03]} 11. Ng5 {[%emt 0:00:01]} Ne4 {[%emt 0:00:04]} 12. h4 {[%emt 0:00:02]} Bxc3+ {[%emt 0:00:02]} 13. bxc3 {[%emt 0:00:01]} h6 {[%emt 0:00:02]} 14. Bxe4 {[%emt 0:00:01]} dxe4 {[%emt 0:00:02]} 15. Qxe4 {[%emt 0:00:01]} f5 {[%emt 0:00:01]} 16. Qd3 {[%emt 0:00:05]} hxg5 {[%emt 0:00:01]} 17. hxg5 {[%emt 0:00:01]} Kf7 {[%emt 0:00:02]} 18. g6+ {[%emt 0:00:03]} Kxg6 {[%emt 0:00:01]} 19. O-O-O {[%emt 0:00:02]} Nc6 {[%emt 0:00:02]} 20. g4 {[%emt 0:00:02]} cxd4 {[%emt 0:00:01]} 21. cxd4 {[%emt 0:00:04]} Rc8 {[%emt 0:00:01]} 22. Kb1 {[%emt 0:00:01]} Qb6+ {[%emt 0:00:02]} 23. Ka1 {[%emt 0:00:02]} Qa5 {[%emt 0:00:01]} 24. d5 {[%emt 0:00:15]} Ne5 {[%emt 0:00:02]} 25. Qb1 {[%emt 0:00:02]} Ba4 {[%emt 0:00:04]} 26. gxf5+ {[%emt 0:00:01]} exf5 {[%emt 0:00:01]} 27. Rdg1+ {[%emt 0:00:01]} Kf7 {[%emt 0:00:01]} 28. Qxf5+ {[%emt 0:00:01]} Ke8 {[%emt 0:00:01]} 29. Bg5 {[%emt 0:00:01]} Qc3+ {[%emt 0:00:02]} 30. Kb1 {[%emt 0:00:02]} Bc2+ {[%emt 0:00:00] Âðåìÿ (Lag: Av=0.40s, max=0.6s)} 0-1

[Event "Stay Safe Play From Home 322"]
[Site "Emanuel Lasker Arena"]
[Date "2020.07.22"]
[Round "1"]
[White "Mcwashere99"]
[Black "Stefanone"]
[Result "0-1"]
[WhiteElo "1620"]
[BlackElo "2067"]
[Annotator "NA"]
[PlyCount "90"]
[EventDate "2020.07.22"]
[EventType "swiss (blitz)"]

1. c4 {[%emt 0:00:01]} d6 {[%emt 0:00:00]} 2. Nc3 {[%emt 0:00:01]} f5 {[%emt 0:00:00]} 3. g3 {[%emt 0:00:00]} Nf6 {[%emt 0:00:00]} 4. Bg2 {[%emt 0:00:00]} g6 {[%emt 0:00:00]} 5. Nf3 {[%emt 0:00:00]} Bg7 {[%emt 0:00:00]} 6. O-O {[%emt 0:00:00]} O-O {[%emt 0:00:00]} 7. d3 {[%emt 0:00:00]} e5 {[%emt 0:00:00]} 8. Rb1 {[%emt 0:00:00]} Nc6 {[%emt 0:00:00]} 9. b4 {[%emt 0:00:00]} Qe7 {[%emt 0:00:01]} 10. b5 {[%emt 0:00:00]} Nd4 {[%emt 0:00:01]} 11. Bg5 {[%emt 0:00:00]} Nxf3+ {[%emt 0:00:02]} 12. Bxf3 {[%emt 0:00:00]} h6 {[%emt 0:00:00]} 13. Nd5 {[%emt 0:00:01]} Qd8 {[%emt 0:00:02]} 14. Nxf6+ {[%emt 0:00:00]} Bxf6 {[%emt 0:00:02]} 15. Bxh6 {[%emt 0:00:00]} Bg7 {[%emt 0:00:01]} 16. Bxg7 {[%emt 0:00:01]} Kxg7 {[%emt 0:00:00]} 17. Qd2 {[%emt 0:00:00]} Qf6 {[%emt 0:00:01]} 18. Bg2 {[%emt 0:00:01]} f4 {[%emt 0:00:01]} 19. c5 {[%emt 0:00:03]} Bf5 {[%emt 0:00:02]} 20. cxd6 {[%emt 0:00:01]} cxd6 {[%emt 0:00:00]} 21. Rfc1 {[%emt 0:00:01]} Rad8 {[%emt 0:00:01]} 22. Bxb7 {[%emt 0:00:01]} Rf7 {[%emt 0:00:01]} 23. Bg2 {[%emt 0:00:02]} Rfd7 {[%emt 0:00:01]} 24. Rc6 {[%emt 0:00:02]} fxg3 {[%emt 0:00:03]} 25. hxg3 {[%emt 0:00:01]} Rf8 {[%emt 0:00:00]} 26. Rbc1 {[%emt 0:00:01]} Be6 {[%emt 0:00:02]} 27. e3 {[%emt 0:00:04]} d5 {[%emt 0:00:02]} 28. Rc7 {[%emt 0:00:01]} Rff7 {[%emt 0:00:01]} 29. Rxd7 {[%emt 0:00:01]} Rxd7 {[%emt 0:00:00]} 30. Qe2 {[%emt 0:00:02]} d4 {[%emt 0:00:01]} 31. e4 {[%emt 0:00:03]} Rb7 {[%emt 0:00:01]} 32. a4 {[%emt 0:00:01]} Qe7 {[%emt 0:00:01]} 33. Qb2 {[%emt 0:00:02]} Qf6 {[%emt 0:00:02]} 34. Rc2 {[%emt 0:00:02]} g5 {[%emt 0:00:01]} 35. Qc1 {[%emt 0:00:01]} Bg4 {[%emt 0:00:02]} 36. Rc7+ {[%emt 0:00:01]} Rxc7 {[%emt 0:00:01]} 37. Qxc7+ {[%emt 0:00:00]} Kg6 {[%emt 0:00:00]} 38. a5 {[%emt 0:00:00]} Be2 {[%emt 0:00:02]} 39. Qd8 {[%emt 0:00:01]} Qxd8 {[%emt 0:00:01]} 40. Bh3 {[%emt 0:00:01]} Qxa5 {[%emt 0:00:00]} 41. Bf5+ {[%emt 0:00:01]} Kf6 {[%emt 0:00:01]} 42. Kg2 {[%emt 0:00:00]} Qxb5 {[%emt 0:00:01]} 43. g4 {[%emt 0:00:00]} Qxd3 {[%emt 0:00:00]} 44. f3 {[%emt 0:00:01]} Qxf3+ {[%emt 0:00:01]} 45. Kh2 {[%emt 0:00:00]} Bf1 {[%emt 0:00:01] Mcwashere99 resigns} 0-1

[Event "Stay Safe Play From Home 322"]
[Site "Emanuel Lasker Arena"]
[Date "2020.07.22"]
[Round "2"]
[White "Broken sword"]
[Black "Fischer_11"]
[Result "1-0"]
[WhiteElo "2437"]
[BlackElo "2036"]
[Annotator "NA"]
[PlyCount "95"]
[EventDate "2020.07.22"]
[EventType "swiss (blitz)"]

1. e4 {[%emt 0:00:01]} Nf6 {[%emt 0:00:01]} 2. e5 {[%emt 0:00:01]} Nd5 {[%emt 0:00:00]} 3. d4 {[%emt 0:00:00]} Nb6 {[%emt 0:00:02]} 4. Nf3 {[%emt 0:00:00]} d6 {[%emt 0:00:00]} 5. exd6 {[%emt 0:00:01]} cxd6 {[%emt 0:00:00]} 6. h3 {[%emt 0:00:01]} g6 {[%emt 0:00:00]} 7. c4 {[%emt 0:00:02]} Bg7 {[%emt 0:00:00]} 8. Nc3 {[%emt 0:00:01]} O-O {[%emt 0:00:00]} 9. Be2 {[%emt 0:00:01]} Nc6 {[%emt 0:00:00]} 10. d5 {[%emt 0:00:00]} Ne5 {[%emt 0:00:01]} 11. Nxe5 {[%emt 0:00:01]} Bxe5 {[%emt 0:00:00]} 12. O-O {[%emt 0:00:01]} Bg7 {[%emt 0:00:02]} 13. Ne4 {[%emt 0:00:03]} e5 {[%emt 0:00:02]} 14. dxe6 {[%emt 0:00:01]} Bxe6 {[%emt 0:00:02]} 15. Nxd6 {[%emt 0:00:03]} Be5 {[%emt 0:00:04]} 16. Nxb7 {[%emt 0:00:02]} Qc7 {[%emt 0:00:02]} 17. Na5 {[%emt 0:00:01]} Nxc4 {[%emt 0:00:03]} 18. Nxc4 {[%emt 0:00:01]} Bxc4 {[%emt 0:00:00]} 19. Bxc4 {[%emt 0:00:01]} Qxc4 {[%emt 0:00:00]} 20. b3 {[%emt 0:00:04]} Qc7 {[%emt 0:00:04]} 21. Rb1 {[%emt 0:00:02]} Bh2+ {[%emt 0:00:03]} 22. Kh1 {[%emt 0:00:01]} Bf4 {[%emt 0:00:00]} 23. Bxf4 {[%emt 0:00:02]} Qxf4 {[%emt 0:00:00]} 24. Qc1 {[%emt 0:00:01]} Qf5 {[%emt 0:00:02]} 25. Qb2 {[%emt 0:00:01]} Rac8 {[%emt 0:00:01]} 26. Rbc1 {[%emt 0:00:00]} a5 {[%emt 0:00:02]} 27. Kg1 {[%emt 0:00:01]} Rfd8 {[%emt 0:00:02]} 28. Rfe1 {[%emt 0:00:01]} h5 {[%emt 0:00:02]} 29. Rxc8 {[%emt 0:00:01]} Rxc8 {[%emt 0:00:00]} 30. Rc1 {[%emt 0:00:00]} Rxc1+ {[%emt 0:00:01]} 31. Qxc1 {[%emt 0:00:00]} Qd3 {[%emt 0:00:02]} 32. Qe1 {[%emt 0:00:02]} Qd5 {[%emt 0:00:03]} 33. g3 {[%emt 0:00:03]} Kg7 {[%emt 0:00:02]} 34. Qc3+ {[%emt 0:00:01]} Kh6 {[%emt 0:00:01]} 35. Kh2 {[%emt 0:00:00]} g5 {[%emt 0:00:01]} 36. Qe3 {[%emt 0:00:01]} Kg6 {[%emt 0:00:01]} 37. a3 {[%emt 0:00:02]} f6 {[%emt 0:00:03]} 38. b4 {[%emt 0:00:01]} axb4 {[%emt 0:00:01]} 39. axb4 {[%emt 0:00:00]} Qc4 {[%emt 0:00:00]} 40. Qb6 {[%emt 0:00:04]} Qe2 {[%emt 0:00:02]} 41. b5 {[%emt 0:00:01]} h4 {[%emt 0:00:00]} 42. gxh4 {[%emt 0:00:02]} gxh4 {[%emt 0:00:00]} 43. Qd4 {[%emt 0:00:01]} Qe7 {[%emt 0:00:02]} 44. b6 {[%emt 0:00:01]} Qb7 {[%emt 0:00:00]} 45. Qg4+ {[%emt 0:00:03]} Kf7 {[%emt 0:00:02]} 46. Qd4 {[%emt 0:00:00]} Qb8+ {[%emt 0:00:00]} 47. Kg2 {[%emt 0:00:01]} Qb7+ {[%emt 0:00:00]} 48. f3 {[%emt 0:00:00] Zeit (Lag: Av=0.25s, max=0.6s)} 1-0

[Event "Stay Safe Play From Home 322"]
[Site "Emanuel Lasker Arena"]
[Date "2020.07.22"]
[Round "2"]
[White "Mepe_Nika"]
[Black "SoulofWolf"]
[Result "1-0"]
[WhiteElo "2388"]
[BlackElo "2127"]
[PlyCount "109"]
[EventDate "2020.07.22"]
[EventType "swiss (blitz)"]

1. d4 {[%emt 0:00:01]} c5 {[%emt 0:00:00]} 2. c3 {[%emt 0:00:01]} e6 {[%emt 0:00:00]} 3. Nf3 {[%emt 0:00:01]} Nf6 {[%emt 0:00:00]} 4. Bf4 {[%emt 0:00:00]} b6 {[%emt 0:00:00]} 5. e3 {[%emt 0:00:01]} Bb7 {[%emt 0:00:00]} 6. Nbd2 {[%emt 0:00:00]} d6 {[%emt 0:00:01]} 7. Bd3 {[%emt 0:00:00]} Nbd7 {[%emt 0:00:00]} 8. O-O {[%emt 0:00:01]} g6 {[%emt 0:00:00]} 9. h3 {[%emt 0:00:00]} h5 {[%emt 0:00:01]} 10. e4 {[%emt 0:00:01]} Be7 {[%emt 0:00:00]} 11. Qe2 {[%emt 0:00:01]} Qc7 {[%emt 0:00:02]} 12. Bg5 {[%emt 0:00:01]} Nh7 {[%emt 0:00:01]} 13. Bxe7 {[%emt 0:00:01]} Kxe7 {[%emt 0:00:00]} 14. Bb5 {[%emt 0:00:02]} a6 {[%emt 0:00:01]} 15. Bxd7 {[%emt 0:00:01]} Qxd7 {[%emt 0:00:00]} 16. d5 {[%emt 0:00:00]} e5 {[%emt 0:00:01]} 17. c4 {[%emt 0:00:01]} f6 {[%emt 0:00:01]} 18. Ne1 {[%emt 0:00:01]} g5 {[%emt 0:00:01]} 19. Nd3 {[%emt 0:00:01]} Rag8 {[%emt 0:00:03]} 20. a3 {[%emt 0:00:01]} g4 {[%emt 0:00:01]} 21. h4 {[%emt 0:00:01]} Nf8 {[%emt 0:00:01]} 22. g3 {[%emt 0:00:01]} Ng6 {[%emt 0:00:01]} 23. Rfe1 {[%emt 0:00:01]} Rb8 {[%emt 0:00:03]} 24. Nf1 {[%emt 0:00:00]} a5 {[%emt 0:00:00]} 25. Ne3 {[%emt 0:00:00]} Kf7 {[%emt 0:00:01]} 26. Nf5 {[%emt 0:00:01]} Ne7 {[%emt 0:00:01]} 27. Ne3 {[%emt 0:00:02]} Bc8 {[%emt 0:00:01]} 28. b4 {[%emt 0:00:01]} axb4 {[%emt 0:00:01]} 29. axb4 {[%emt 0:00:00]} Rb7 {[%emt 0:00:01]} 30. Ra8 {[%emt 0:00:03]} Ng6 {[%emt 0:00:01]} 31. Rea1 {[%emt 0:00:01]} Qc7 {[%emt 0:00:01]} 32. Nf5 {[%emt 0:00:01]} Bxf5 {[%emt 0:00:01]} 33. exf5 {[%emt 0:00:00]} Ne7 {[%emt 0:00:01]} 34. Rxh8 {[%emt 0:00:02]} Nxf5 {[%emt 0:00:00]} 35. Qe4 {[%emt 0:00:02]} Ng7 {[%emt 0:00:05]} 36. Raa8 {[%emt 0:00:01]} Qe7 {[%emt 0:00:03]} 37. Qh7 {[%emt 0:00:02]} Ra7 {[%emt 0:00:04]} 38. Raf8+ {[%emt 0:00:06]} Qxf8 {[%emt 0:00:01]} 39. Rxf8+ {[%emt 0:00:00]} Kxf8 {[%emt 0:00:00]} 40. Qh8+ {[%emt 0:00:00]} Kf7 {[%emt 0:00:01]} 41. Qb8 {[%emt 0:00:01]} Ra1+ {[%emt 0:00:01]} 42. Kg2 {[%emt 0:00:01]} Nf5 {[%emt 0:00:01]} 43. Qxb6 {[%emt 0:00:01]} Kg6 {[%emt 0:00:00]} 44. bxc5 {[%emt 0:00:01]} Ra2 {[%emt 0:00:01]} 45. cxd6 {[%emt 0:00:02]} Ne3+ {[%emt 0:00:01]} 46. Qxe3 {[%emt 0:00:01]} Ra3 {[%emt 0:00:04]} 47. Qe4+ {[%emt 0:00:02]} Kf7 {[%emt 0:00:01]} 48. Nxe5+ {[%emt 0:00:01]} fxe5 {[%emt 0:00:01]} 49. Qxe5 {[%emt 0:00:00]} Ra7 {[%emt 0:00:01]} 50. c5 {[%emt 0:00:01]} Ra4 {[%emt 0:00:01]} 51. c6 {[%emt 0:00:01]} Rc4 {[%emt 0:00:01]} 52. d7 {[%emt 0:00:01]} Rc5 {[%emt 0:00:02]} 53. Qe6+ {[%emt 0:00:01]} Kg7 {[%emt 0:00:01]} 54. d8=Q {[%emt 0:00:00]} Rc2 {[%emt 0:00:00]} 55. Qdg8# {[%emt 0:00:00] (Lag: Av=0.41s, max=1.1s)} 1-0